{"text_format":"3","workbook":"xlsx","n_sheets":1,"sheets":["st2_protocoldata_subj"],"read":"whole","date_system":"1900"}

{"sheet":"st2_protocoldata_subj","index":0,"n_rows":51,"n_cols":16,"rows_kept":51}
["№","Фамлия","Имя","Отчество","Пол","Дата рождения","Участник с ОВЗ","Класс","Класс участия","Балл","Макс. Балл","Статус","Призер МЭ прошлого года","Учитель","Место работы учителя","Направление, вид практики  по технологии"]
[1,3,4,5,6,7,8,9,10,11,12,13,14,15,16,17]
[1,"Каримов ","Марат ","Булатович","м","2012-02-02","нет",5,5,11,25,"участник",null,"Билалова Фарида Мазитовна","МБОУ «Средняя общеобразовательная школа №7 г.Лениногорска»муниципального образования \"Лениногорский муниципальный район Республика Татарстан"]
[2,"Манченко","Семён","Михайлович","м","2012-10-29","нет",5,5,11.2,25,"участник",null,"Билалова Фарида Мазитовна"]
[3,"Хисматуллин","Дамир","Олегович","м","2012-05-22","нет",5,5,8.2,25,"участник",null,"Билалова Фарида Мазитовна"]
[4,"Гараев","Вадим ","Альбертович","м","27..12.2012","нет",5,5,12.4,25,"участник",null,"Билалова Фарида Мазитовна"]
[5,"Ситникова","Элеонора ","Анатольевна","ж","2012-08-15","нет",5,5,11.2,25,"участник",null,"Билалова Фарида Мазитовна"]
[6,"Фаттахова","Амалия","Маратовна","ж","2012-08-14","нет",5,5,6.4,25,"участник",null,"Билалова Фарида Мазитовна"]
[7,"Фатхутдинов","Аскар ","Равилевич","м","2012-04-07","нет",5,5,10,25,"участник",null,"Билалова Фарида Мазитовна"]
[8,"Ильгузин","Родион"," Алексеевич","м","2012-07-18","нет",5,5,4.8,25,"участник",null,"Билалова Фарида Мазитовна"]
[9,"Грачев","Семён","Денисович","м","2011-06-11","нет",6,6,10.4,25,"участник",null,"Билалова Фарида Мазитовна"]
[10,"Нутфуллин","Альфред","Искандерович","м","2011-07-10","нет",6,6,11.2,25,"участник",null,"Билалова Фарида Мазитовна"]
[11,"Борзых","Елизавета","Александровна","ж","2011-02-02","нет",6,6,11.4,25,"участник",null,"Билалова Фарида Мазитовна"]
[12,"Зиганшин ","Ранис"," Рубесович","м","2011-08-30","нет",6,6,13.6,25,"призёр",null,"Билалова Фарида Мазитовна"]
[13,"Зарубежнов","Серафим","Андреевич","м","2011-01-27","нет",6,6,9.8,25,"участник",null,"Билалова Фарида Мазитовна"]
[14,"Галиева","Лиана","Фанисовна","ж","2010-08-29","нет",7,7,14.8,30,"участник",null,"Билалова Фарида Мазитовна"]
[15,"Фазылов","Тимур","Эльдарович","м","2010-02-24","нет",7,7,10,30,"участник",null,"Билалова Фарида Мазитовна"]
[16,"Жирнова","Мирослава"," Дмитриевна","ж","2010-07-13","нет",7,7,13.2,30,"участник",null,"Билалова Фарида Мазитовна"]
[17,"Тимофеева","Варвара ","Витальевна","ж","2010-08-17","нет",7,7,11.6,30,"участник",null,"Билалова Фарида Мазитовна"]
[18,"Парёнкин","Дмитрий ","Денисович","м","2010-11-27","нет",7,7,11.8,30,"участник",null,"Билалова Фарида Мазитовна"]
[19,"Мальковский","Артём","Маратович","м","2010-05-09","нет",7,7,19.6,30,"призёр",null,"Билалова Фарида Мазитовна"]
[20,"Залялиева","Риана","Эльвировна","ж","2010-08-10","нет",7,7,12,30,"участник",null,"Билалова Фарида Мазитовна"]
[21,"Менжаев","Даниил ","Ирекович","м","2009-03-05","нет",8,8,19,33,"призёр","да","Билалова Фарида Мазитовна"]
[22,"Ильдебенов","Иван"," Александрович","м","2009-01-05","нет",8,8,18,33,"призёр",null,"Билалова Фарида Мазитовна"]
[23,"Габидуллина","Дина","Ринатовна","ж","2009-05-20","нет",8,8,18,33,"призёр",null,"Билалова Фарида Мазитовна"]
[24,"Шайдуллина","Амина","Ильдаровна","ж","2009-07-17","нет",8,8,15,33,"участник",null,"Билалова Фарида Мазитовна"]
[25,"Соболева","Полина","Сергеевна","ж","2009-05-18","нет",8,8,14,33,"участник",null,"Билалова Фарида Мазитовна"]
[26,"Чатурова","Татьяна","Андреевна","ж","2009-06-09","нет",8,8,13,33,"участник",null,"Билалова Фарида Мазитовна"]
[27,"Ахметзянова","Диана","Ренатовна","ж","2009-02-14","нет",8,8,14,33,"участник",null,"Билалова Фарида Мазитовна"]
[28,"Зиатдинова","Эвелина","Марселевна","ж","2010-01-27","нет",8,8,13,33,"участник",null,"Билалова Фарида Мазитовна"]
[29,"Гиниятуллина","Ралина","Рамилевна","ж","2008-01-05","нет",9,9,31.4,57,"призёр",null,"Билалова Фарида Мазитовна"]
[30,"Афанасьева","Юлия","Олеговна","ж","2008-05-28","нет",9,9,30.9,57,"призёр",null,"Билалова Фарида Мазитовна"]
[31,"Павлова","Алиса","Евгеньевна","ж","07.112008","нет",9,9,32.6,57,"призёр",null,"Билалова Фарида Мазитовна"]
[32,"Галямова"," Вероника"," Алексеевна","ж","2008-04-28","нет",9,9,22,57,"участник",null,"Билалова Фарида Мазитовна"]
[33,"Ахметзянова","Арина","Робертовна","ж","2008-06-15","нет",9,9,20.2,57,"участник",null,"Билалова Фарида Мазитовна"]
[34,"Прокушкина"," Виктория ","Денисовна","ж","2007-12-15","нет",9,9,22.2,57,"участник",null,"Билалова Фарида Мазитовна"]
[35,"Гафиятуллина","Гульназ","Маратовна","ж","2008-02-11","нет",9,9,30.1,57,"призёр","да","Билалова Фарида Мазитовна"]
[36,"Бочаров ","Богдан","Александрович","м","2007-02-09","нет",10,10,37.9,64,"призёр",null,"Билалова Фарида Мазитовна"]
[37,"Залялиев","Руслан","Эльвирович","м","2007-02-13","нет",10,10,28.5,64,"участник",null,"Билалова Фарида Мазитовна"]
[38,"Пантюхина","Яна","Максимовна","ж","2008-01-27","нет",10,10,18,64,"участник",null,"Билалова Фарида Мазитовна"]
[39,"Торопчина ","Кира","Юрьевна","ж","2007-12-01","нет",10,10,30.1,64,"участник",null,"Билалова Фарида Мазитовна"]
[40,"Гафаров","Салим","Маратович","м","2007-03-01","нет",10,10,32.9,64,"призёр",null,"Билалова Фарида Мазитовна"]
[41,"Кочетков","Кирилл","Александрович","м","2007-09-04","нет",10,10,35.3,64,"призёр",null,"Билалова Фарида Мазитовна"]
[42,"Егоянц","Диана","Артуровна","ж","2006-01-31","нет",11,11,33.9,71,"участник",null,"Билалова Фарида Мазитовна"]
[43,"Воякина","Ольга","Дмитриевна","ж","2006-08-08","нет",11,11,40.7,71,"призёр",null,"Билалова Фарида Мазитовна"]
[44,"Ибрагимова","Камилла","Ильдусовна","ж","2006-02-23","нет",11,11,33.8,71,"участник",null,"Билалова Фарида Мазитовна"]
[45,"Романенко","Полина"," Андреевна","ж","2006-02-19","нет",11,11,39.4,71,"призёр","да","Билалова Фарида Мазитовна"]
[46]
[47]
[48]
[49]